Communications cables and transmission systems
Enregistré dans:
| Auteur principal: | |
|---|---|
| Format: | Livre |
| Langue: | anglais |
| Publié: |
Berlín
Siemens Aktiengesellschaft
1975
|
| Sujets: | |
| Tags: |
Ajouter un tag
Pas de tags, Soyez le premier à ajouter un tag!
|
MARC
| LEADER | 00000nam a2200000 a 4500 | ||
|---|---|---|---|
| 001 | UCU6004 | ||
| 003 | CL-VaPUC | ||
| 008 | 960614e19750000GW |||||||||||||||||eng|d | ||
| 082 | 0 | 4 | |a 621.382 |b SCH |2 21 |
| 100 | 0 | |a Schubert, Werner |e author |9 364117 | |
| 245 | 1 | 0 | |a Communications cables and transmission systems |
| 300 | |a 232 p | ||
| 942 | |c BK | ||
| 945 | |d 19960614 00:00:00 |a lriquelm | ||
| 260 | |a Berlín |b Siemens Aktiengesellschaft |c 1975 | ||
| 650 | 7 | |a CABLES ELECTRICOS |2 CL-VaPUC |9 263131 | |
| 650 | 0 | |a Conductores eléctricos |9 263132 | |
| 650 | 0 | |a Telecomunicaciones |9 257195 | |
| 650 | 7 | |a SISTEMAS DE TELEVISION |2 CL-VaPUC |9 364064 | |
| 650 | 7 | |a SISTEMAS TELEGRAFICOS |2 CL-VaPUC |9 364044 | |
| 583 | |a last modification |c 20121219 11:16:44 |k Rodrigo Vera | ||
| 999 | |c 249101 |d 249099 | ||
| 952 | |0 0 |1 0 |4 0 |6 621_382000000000000_SCH_1975 |7 0 |8 A |9 266136 |a BIBING |b BIBING |d 2019-11-19 |i 1678434 |o 621.382 SCH 1975 |p 1678434 |r 2025-01-20 |w 2019-11-19 |y BK |k EIE | ||